000 01023nam a22002657a 4500
999 _c65807
_d65807
005 20240530110844.0
008 201004b ua af f 001 0 ara d
017 _a2004/7611
_bمصر. دار الكتب
020 _a9773057246
040 _aEG-CaGPL
_cEG-CaGPL
082 0 4 _221
_a913.031
_bق/ز ك
100 0 _aزاهى حواس
245 1 0 _aكراسات لجنة حفظ الاثار العربية :
_bالكراسة السابعة والعشرون /
_cتقديم زاهى حواس ؛ اعداد عبدالرحمن عبدالتواب
250 _aط.1
260 _aالقاهرة :
_bالمجلس الاعلى للاثار،
_c2004
300 _a265 ص. :
_bصور ؛
_c28 سم.
650 0 7 _2qrmak
_aجامع المعينى
_zدمياط
650 0 7 _aالمساجد
_zمصر
650 0 7 _aالاضرحة
_zمصر
650 0 7 _aالجامع الازهر
651 _2qrmak
700 0 _aعبدالرحمن عبدالتواب
_eمعد
942 _2ddc
_cBK